📖 150 premiers mots "L'éducation sentimentale" Gustave Flaubert - Statistiques

Statistiques générales
  • Ce quiz a Ă©tĂ© pris 47 fois
  • Le rĂ©sultat moyen est 64 sur 150
Statistiques - réponses
Mots % Correct
Ă 
97%
A
97%
Monterau',
94%
s'
92%
Saint-
92%
d'
89%
de-
89%
l'
86%
'la
86%
Ville-
86%
Bernard.
83%
il
83%
Le
83%
le
83%
se
83%
de
81%
et
78%
la
78%
Un
78%
un
78%
1840,
75%
on
72%
une
72%
Des
69%
des
69%
des ...
69%
septembre
69%
15
67%
du
67%
que
67%
les
64%
par
64%
qui,
64%
qui
64%
dix-
61%
matin,
61%
ne
61%
homme
58%
huit
58%
son
56%
ans,
53%
dans
53%
heures
53%
jeune
53%
six
53%
vers
53%
deux
47%
tout
44%
sous
42%
sans
36%
comme
31%
près
31%
avant,
22%
Enfin
19%
gens
19%
quai
19%
cloche,
14%
navire
14%
personne;
11%
vapeur,
11%
bras,
8%
cheveux
8%
entre
8%
gros
8%
longs
8%
tenait
8%
album
6%
fumait
6%
partir,
6%
auprès
3%
brouillard,
3%
gouvernail,
3%
hors
3%
matelots
3%
nuée
3%
partit;
3%
restait
3%
tourbillons
3%
absorbait
0%
arrivaient
0%
barriques,
0%
berges,
0%
blanchâtre,
0%
bruissement
0%
câbles,
0%
chantiers
0%
circulation;
0%
clochers,
0%
colis
0%
contemplait
0%
corbeilles
0%
déroule.
0%
devant
0%
discontinuer.
0%
échappant
0%
enveloppait
0%
filèrent
0%
gĂŞnaient
0%
haleine;
0%
heurtait;
0%
immobile.
0%
larges
0%
linge
0%
magasins,
0%
montaient
0%
peuplées
0%
plaques
0%
répondaient
0%
rubans
0%
tambours,
0%
tandis
0%
tapage
0%
tintait
0%
tĂ´le,
0%
travers
0%
usines,
0%
Aucun quiz correspondant
Distribution des résultats
% des personnes avec chaque résultat
Percentile par nombre de réponses
Votre historique - résultats
Vous n’avez pas pris ce quiz